Miralls d'Orient [Recurs electrònic]
Descripción Física:
1 disc òptic (CD-ROM) ; 12 cm
MARC
| LEADER | 00000nam a2200000Ia 4500 | ||
|---|---|---|---|
| 001 | 22988 | ||
| 008 | 160829s2004 xx 000 0 cat d | ||
| 080 | |a CD-1-174 | ||
| 245 | |a Miralls d'Orient [Recurs electrònic] | ||
| 260 | |a Terrassa : |b Centre de Documentació i Museu Tèxtil, |c 2004 | ||
| 300 | |a 1 disc òptic (CD-ROM) ; |c 12 cm | ||
| 590 | |a Dossier de premsa amb imatges tif | ||
| 650 | |a Orient |x Catalunya |x Exposicions |9 38299 | ||
| 650 | |a Exotisme en l'art |x Exposicions |9 38300 | ||
| 650 | |a Art oriental |x Influència |x Exposicions |9 38301 | ||
| 710 | 2 | |a Centre de Documentació i Museu Tèxtil (Terrassa, Catalunya) |9 54995 | |
| 901 | |a Arxiu | ||
| 942 | |n 1 | ||
| 952 | |0 0 |1 0 |4 0 |6 CD1174 |7 1 |9 48361 |a Arxiu |b Arxiu |d 2016-12-01 |l 0 |o CD-1-174 |p 22988 |r 2016-12-01 00:00:00 |w 2016-12-01 |y ARXIU | ||
| 999 | |c 52167 |d 52167 | ||